| 000 | 00527nam a2200193Ia 4500 | ||
|---|---|---|---|
| 003 | LDD | ||
| 008 | 181029s9999 xx 000 0 und d | ||
| 020 |
_a9781905299027 _cP 27.50 |
||
| 040 | _cLDD | ||
| 100 | _aLebling, Robert W, | ||
| 245 | 0 |
_aNatural remedies of Arabia _cRobert W Lebling |
|
| 260 |
_aLondon _bStacey Intl. _c2006 |
||
| 300 | _a223p. | ||
| 365 | _bP 27.50 | ||
| 901 |
_a10076 _b12-01-2013 |
||
| 902 |
_a236 _b14-01-2013 _cF _dARUNIM _eFL |
||
| 903 |
_aDiscount-15 _bReqst by : S.K. Mishra |
||
| 942 |
_2ddc _cBK |
||
| 999 |
_c107337 _d107337 |
||